000
00350nam a22001577a 4500
003
OSt
008
220614b ||||| |||| 00| 0 eng d
020
_a
9353162343
082
_a
005.133 BAP
100
_a
BALAGURUSMY ,E
245
_a
Programming with JAVA
250
_a
6th
260
_a
New Delhi
_b
TMH
_c
2022
300
_a
586
942
_2
ddc
_c
BK
999
_c
11367
_d
11367